Guess The Album By The Cover #2 - Statistics

General Stats
  • This quiz has been taken 91 times
  • The average score is 3 of 7
Answer Stats
Picture Hint Answer % Correct
1990's Nevermind
80%
1980's Bad
73%
1970's The Dark Side Of The Moon
57%
2010's Currents
38%
2020's Circles
28%
2000's Favourite Worst Nightmare
23%
1960's In The Court Of The Crimson King
22%
No matching quizzes found
Score Distribution
Percent of People with Each Score
Percentile by Number Answered
Your Score History
You have not taken this quiz